000 00289nam a2200121Ia 4500
008 220204s9999 xx 000 0 und d
082 _a311
_bGOU
100 _aGoulden, C H
245 0 _aMethods of statistical analysis
250 _aEd.2
260 _aBombay
_bAsia Pub
_c1962
942 _cBK
999 _c20655
_d20655